| 000 | 01077nam a2200301 a 4500 | ||
|---|---|---|---|
| 999 |
_c10776 _d10776 |
||
| 003 | FranzMayer | ||
| 005 | 20190802132124.0 | ||
| 008 | 170608s1979----sp-a######---#000-0#spa-# | ||
| 020 | _a8423941345 | ||
| 040 | _cFranz | ||
| 041 | _aspa | ||
| 044 | _asp | ||
| 050 | 4 |
_aPQ6323 _b.C47 esp 1979 |
|
| 100 | 1 |
_aCervantes Saavedra, Miguel de _d1547-1616 _9213 |
|
| 245 | 1 | 0 |
_aEl Ingenioso Hidalgo Don Quijote de la Mancha _bprimera parte _cMiguel de Cervantes Saavedra ; ilustrado por José Segrelles. |
| 250 | _a2a ed. | ||
| 260 |
_aMadrid _bEspasa-Calpe _c2019 |
||
| 300 |
_a453 p. (v.1) _bil. (algunas a color) _c33 cm. |
||
| 500 | _aIncluye índice de láminas | ||
| 500 | _aLibro adquirido en compra | ||
| 500 | _aVer también No. de Sist. 8412 (v.2, 1966) | ||
| 650 | 1 | 4 |
_aNovela española _yÉpoca clásica, 1500-1700 _9215 |
| 650 | 1 | 4 |
_aLiteratura española _yÉpoca clásica, 1500-1700 _9216 |
| 650 | 1 | 4 |
_aNovela española _ySiglo XVII _9217 |
| 650 | 1 | 4 |
_aDon Quijote (Personaje ficticio) _xNovela _918846 |
| 700 | 1 |
_aSegrelles, José _eil. _918847 |
|
| 942 |
_2lcc _cB |
||